<?xml version="1.0" encoding="UTF-8"?>
<record
    xmlns:xsi="http://www.w3.org/2001/XMLSchema-instance"
    xsi:schemaLocation="http://www.loc.gov/MARC21/slim http://www.loc.gov/standards/marcxml/schema/MARC21slim.xsd"
    xmlns="http://www.loc.gov/MARC21/slim">

  <leader>02965cam a2200325 a 4500</leader>
  <datafield tag="999" ind1=" " ind2=" ">
    <subfield code="c">25299</subfield>
    <subfield code="d">25299</subfield>
  </datafield>
  <controlfield tag="001">15103193</controlfield>
  <controlfield tag="005">20170131104110.0</controlfield>
  <controlfield tag="008">071205s2008    nyua     b    001 0 eng  </controlfield>
  <datafield tag="010" ind1=" " ind2=" ">
    <subfield code="a">  2007049697</subfield>
  </datafield>
  <datafield tag="020" ind1=" " ind2=" ">
    <subfield code="a">9780415962926</subfield>
  </datafield>
  <datafield tag="020" ind1=" " ind2=" ">
    <subfield code="a">0415962927</subfield>
  </datafield>
  <datafield tag="035" ind1=" " ind2=" ">
    <subfield code="a">(OCoLC)ocn183609139</subfield>
  </datafield>
  <datafield tag="050" ind1="0" ind2="0">
    <subfield code="a">N8725 .P684 2008</subfield>
  </datafield>
  <datafield tag="245" ind1="0" ind2="4">
    <subfield code="a">The practice of public art /</subfield>
    <subfield code="c">edited by Cameron Cartiere and Shelly Willis.</subfield>
  </datafield>
  <datafield tag="260" ind1=" " ind2=" ">
    <subfield code="a">New York :</subfield>
    <subfield code="b">Routledge,</subfield>
    <subfield code="c">2008.</subfield>
  </datafield>
  <datafield tag="300" ind1=" " ind2=" ">
    <subfield code="a">xi, 272 p. :</subfield>
    <subfield code="b">ill. ;</subfield>
    <subfield code="c">24 cm.</subfield>
  </datafield>
  <datafield tag="440" ind1=" " ind2="0">
    <subfield code="a">Routledge research in cultural and media studies ;</subfield>
    <subfield code="v">14</subfield>
  </datafield>
  <datafield tag="504" ind1=" " ind2=" ">
    <subfield code="a">Includes bibliographical references (p. [247]-248) and index.</subfield>
  </datafield>
  <datafield tag="505" ind1="0" ind2=" ">
    <subfield code="a">Coming in from the cold: a public art history / Cameron Cartiere -- Time in place: new genre public art a decade later / Suzanne Lacy -- Space, place and site in critical spatial arts practice / Jane Rendell -- "Be a crossroads": public art practice and the cultural hybrid / Margaret Adamek and Karl Lorenz -- Critical spaces: monuments and changes / Malcolm Miles -- Toward a celebratory and liberating system of teaching public art / Stephanie Anne Johnson -- A fine public art &amp; design education: learning and teaching public art / Faye Carey -- Public art and education: an interview with Harrell Fletcher / Shelly Willis -- The millennium park effect: a tale of two cities / Regina M. Flanagan -- Investigating the public art commissioning system: the challenges of making art in public / Shelly Willis -- Here and gone: making it happen / Kristin Calhoun and Peggy Kendellen  -- As rich as getting lost in Venice: sustaining a career as a public artist in the public realm / Terri Cohn -- From margin to mainstream: dyke action machine! Public art and a Recent history of lesbian representation / Carrie Moyer -- In the storms of the world: building communities to assist social and ecological justice / James Marriott  -- The art of the question: thinking like a public artist / Anonymous -- A timeline for the history of public art: the United Kingdom and the United States of America, 1900-2005 / Cameron Cartiere, Rosemary Shirley, and Shelly Willis.</subfield>
  </datafield>
  <datafield tag="650" ind1=" " ind2="0">
    <subfield code="a">Public art.</subfield>
  </datafield>
  <datafield tag="700" ind1="1" ind2=" ">
    <subfield code="a">Cartiere, Cameron.</subfield>
  </datafield>
  <datafield tag="700" ind1="1" ind2=" ">
    <subfield code="a">Willis, Shelly.</subfield>
  </datafield>
  <datafield tag="856" ind1="4" ind2="1">
    <subfield code="3">Table of contents only</subfield>
    <subfield code="u">http://www.loc.gov/catdir/toc/ecip086/2007049697.html</subfield>
  </datafield>
  <datafield tag="856" ind1="4" ind2="2">
    <subfield code="3">Publisher description</subfield>
    <subfield code="u">http://www.loc.gov/catdir/enhancements/fy0916/2007049697-d.html</subfield>
  </datafield>
  <datafield tag="856" ind1="4" ind2="2">
    <subfield code="3">Contributor biographical information</subfield>
    <subfield code="u">http://www.loc.gov/catdir/enhancements/fy1102/2007049697-b.html</subfield>
  </datafield>
  <datafield tag="942" ind1=" " ind2=" ">
    <subfield code="2">lcc</subfield>
    <subfield code="c">BOOKS</subfield>
  </datafield>
  <datafield tag="952" ind1=" " ind2=" ">
    <subfield code="0">0</subfield>
    <subfield code="1">0</subfield>
    <subfield code="2">lcc</subfield>
    <subfield code="4">0</subfield>
    <subfield code="7">0</subfield>
    <subfield code="a">MUC</subfield>
    <subfield code="b">MUC</subfield>
    <subfield code="c">TECH</subfield>
    <subfield code="d">2017-01-31</subfield>
    <subfield code="e">Donation(BFA)</subfield>
    <subfield code="l">0</subfield>
    <subfield code="o">N8725 .P684 2008</subfield>
    <subfield code="p">33310</subfield>
    <subfield code="r">2018-09-07</subfield>
    <subfield code="w">2017-01-31</subfield>
    <subfield code="y">BOOKS</subfield>
  </datafield>
</record>
